00750nas a2200229Ia 4500001002300000003001000023008004100033040002500074041001300099100001500112210000900127222000900136245005700145250001100202260000900213501012300222300001500345362002900360500009700389650002300486700001100509dg32-1694 [d000001747]IT-MiCISF161014c99999999xx |||||||||||| ||und|| aIT-MiCISFcIT-MiCISF aITALIANO aRedazione  aAspe aAspe 0aDa Sodoma a Bruxelles verso una cittadinanza europea a1a ed. c1994 bCISF - Centro Internazionale Studi Famiglia - Via Giotto, 36 20145 MILANO (non commercial uses only)cCopyright 2016 app. i-viii a n. 2, 27 gennaio [1994] a Tema: omosessualità, società, legislazione, coppia, famiglia, convivenza, donna, lavoro asocietàvdossier aAA.VV.